Normal view
MARC view
- Shaw Groza,Vivian
Entry Personal Name
001 - CONTROL NUMBER
- control field: 102473
003 - CONTROL NUMBER IDENTIFIER
- control field: NUST
005 - DATE AND TIME OF LATEST TRANSACTION
- control field: 20221110093723.0
008 - FIXED-LENGTH DATA ELEMENTS
- fixed length control field: 221110|| aca||aabn | a|a d
040 ## - CATALOGING SOURCE
- Original cataloging agency: NUST
- Transcribing agency: NUST
100 ## - HEADING--PERSONAL NAME
- Personal name: Shaw Groza,Vivian
670 ## - SOURCE DATA FOUND
- Source citation: Work cat.: (NUST)181706: Shaw Groza,Vivian, Intermediate algebra / , c1978
